JDBC, servlet, and JSP : includes JSF and design patterns / (Record no. 2090)
[ view plain ]
| 000 -LEADER | |
|---|---|
| Fixed length control field | 00459nam a2200157 4500 |
| 003 - CONTROL NUMBER IDENTIFIER | |
| Control field | SEACOMEC |
| 005 - DATE AND TIME OF LATEST TRANSACTION | |
| Control field | 20250318142145.0 |
| 008 - FIXED-LENGTH DATA ELEMENTS--GENERAL INFORMATION | |
| Fixed length control field | 250318b |||||||| |||| 00| 0 eng d |
| 020 ## - INTERNATIONAL STANDARD BOOK NUMBER / ISBN | |
| International Standard Book Number | 9788177228373 |
| Price | 379.00 |
| 040 ## - CATALOGING SOURCE | |
| Original cataloging agency | SEACOMEC |
| 082 ## - DEWEY DECIMAL CLASSIFICATION NUMBER | |
| Classification number | 005.133 |
| Book Number | K96 |
| 100 ## - MAIN ENTRY--PERSONAL NAME | |
| Personal name | Kumar K, Santosh |
| 245 ## - TITLE STATEMENT | |
| Title | JDBC, servlet, and JSP : includes JSF and design patterns / |
| Statement of responsibility | Santosh Kumar K. |
| 260 ## - IMPRINT | |
| Place of publication | New Delhi : |
| Name of publisher | Dreamtech Press , |
| Date of publication | 2009 |
| 942 ## - ADDED ENTRY ELEMENTS (KOHA) | |
| Koha item type | Books |
| Withdrawn status | Lost status | Source of classification | Damaged status | Not for loan | Home library | Current library | Date acquired | Total Checkouts | Call number | Accession number | Date last seen | Price effective from | Koha item type | Copy number |
|---|---|---|---|---|---|---|---|---|---|---|---|---|---|---|
| Dewey Decimal Classification | SEACOM ENGINEERING COLLEGE | SEACOM ENGINEERING COLLEGE | 14/03/2009 | 005.133 K96 | 14385 | 18/03/2025 | 18/03/2025 | Reference Books | ||||||
| Dewey Decimal Classification | SEACOM ENGINEERING COLLEGE | SEACOM ENGINEERING COLLEGE | 14/03/2009 | 005.133 K96 | 14386 | 18/03/2025 | 18/03/2025 | Books | 1 | |||||
| Dewey Decimal Classification | SEACOM ENGINEERING COLLEGE | SEACOM ENGINEERING COLLEGE | 14/03/2009 | 005.133 K96 | 14387 | 18/03/2025 | 18/03/2025 | Books | 2 | |||||
| Dewey Decimal Classification | SEACOM ENGINEERING COLLEGE | SEACOM ENGINEERING COLLEGE | 14/03/2009 | 005.133 K96 | 14388 | 18/03/2025 | 18/03/2025 | Books | 3 | |||||
| Dewey Decimal Classification | SEACOM ENGINEERING COLLEGE | SEACOM ENGINEERING COLLEGE | 14/03/2009 | 005.133 K96 | 14389 | 18/03/2025 | 18/03/2025 | Books | 4 |
